00220nam a2200097Ia 4500008004100000100000900041245003000050260002600080300000800106650000800114191201s2004 xx 000 0 und d aIIBF 0aBank Financial Management aN.DelhibTexmanc2004 a381 aMBA